| 000 | 00764cam a2200253u 4500 | ||
|---|---|---|---|
| 001 | 35755 | ||
| 003 | BD-RjUL | ||
| 005 | 20211209052355.0 | ||
| 008 | 140531t19631955nyu 000 0 eng | ||
| 020 | _a0846203707 | ||
| 035 | _a(BD-RjUL)35850 | ||
| 040 |
_aDLC _cCarP _dBD-RjUL _beng |
||
| 041 | _aeng | ||
| 082 |
_a320.1 _bJOS 1963 |
||
| 100 | 0 |
_aJohn, _d-1180. _9108903 |
|
| 245 | 1 | 4 | _aThe stateman's book of John of Salisbury / |
| 260 |
_aNew York : _bRussell & Russell, _cc1955 [Reissued 1963]. |
||
| 300 |
_axc, 410 p. ; _c23 cm. |
||
| 650 | 0 |
_aPolitical science _vEarly works to 1800. _962154 |
|
| 700 | 1 |
_aDickinson, John, _d1894-1952. _9108904 |
|
| 942 |
_2ddc _cBK |
||
| 999 |
_c35755 _d35755 |
||